Population Maths! (Hard) - Statistics

General Stats
  • This quiz has been taken 45 times
  • The average score is 3 of 10
Answer Stats
Question Answer % Correct
Which answer adds up to the highest amount of people? 1 China - 4 Japans
63%
Which answer adds up to the highest amount of people? 4 Nigerias
56%
About how many times less populated is Uganda compared to India? 30 Times
38%
What is the least amount of countries needed to add up to make up more than 50% of the world's population. 7
38%
Which answer is closest to 100 Million people? 4 Australias
31%
Which answer adds up to the highest amount of people? Asia - (World - Asia)
31%
Which answer adds up to the highest amount of people? Colorado + California + Florida
31%
Which one of these answers is a positive answer? BRICS - NATO - The European Union
25%
Which answer is closest to 1 Billion people? Africa - The Middle East
13%
Which answer adds up to the highest amount of people? Monaco x Liechtenstein
13%
No matching quizzes found
Score Distribution
Percent of People with Each Score
Percentile by Number Answered
Your Score History
You have not taken this quiz